[Event "Rilton Cup 2013-14"]
[Site "Stockholm SWE"]
[Date "2013.12.30"]
[Round "4.6"]
[White "Hillarp Persson, Tiger"]
[Black "Yagupov, Igor"]
[Result "1/2-1/2"]
[WhiteTitle "GM"]
[BlackTitle "GM"]
[WhiteElo "2551"]
[BlackElo "2427"]
[WhiteFideId "1700812"]
[BlackFideId "4113632"]
[EventDate "2013.12.27"]

1. d4 d5 2. c4 c6 3. Nf3 Nf6 4. Nc3 e6 5. Bg5 dxc4 6. e4 b5 7. a4 Qb6 8. Bxf6
gxf6 9. g3 Bb7 10. Bg2 a6 11. O-O Bg7 12. d5 cxd5 13. exd5 O-O 14. Re1 b4 15. a5
Qc5 16. Na4 Qxd5 17. Nb6 Qxd1 18. Rexd1 Ra7 19. Nxc4 f5 20. Ra4 Bd5 21. Nfe5 f6
22. Rxd5 exd5 23. Bxd5+ Kh8 24. Nd3 Rd8 25. Nxb4 Bf8 26. Ne3 f4 27. gxf4 Rc7 28.
Bc4 Rb7 29. Nd3 Rbd7 30. Nb4 Rb7 31. Nd3 Rbd7 32. Nb4 1/2-1/2

[Event "Rilton Cup 2013-14"]
[Site "Stockholm SWE"]
[Date "2013.12.30"]
[Round "4.7"]
[White "Smirnov, Artem"]
[Black "Tikkanen, Hans"]
[Result "1-0"]
[WhiteTitle "IM"]
[BlackTitle "GM"]
[WhiteElo "2418"]
[BlackElo "2548"]
[WhiteFideId "4143256"]
[BlackFideId "1706446"]
[EventDate "2013.12.27"]

1. d4 e6 2. c4 Nf6 3. Nc3 Bb4 4. e3 O-O 5. Ne2 d5 6. a3 Bd6 7. Ng3 Nbd7 8. cxd5
exd5 9. Nf5 Nb6 10. Nxd6 Qxd6 11. Bd3 Bg4 12. Qc2 Rfc8 13. h3 Bh5 14. f4 h6 15.
f5 c5 16. Qf2 cxd4 17. exd4 Rxc3 18. bxc3 Re8+ 19. Kf1 Qc6 20. Bd2 Ne4 21. Bxe4
dxe4 22. Kg1 Nd5 23. Re1 f6 24. Qh4 e3 25. Qxh5 Nf4 26. Qf3 exd2 27. Rxe8+ Qxe8
28. Kf2 Qa4 29. Kg3 g5 30. fxg6 Nxg6 31. Qd3 Ne7 32. Qxd2 Qxa3 33. Rf1 Kg7 34.
Rf3 Ng6 35. Kf2 Qd6 36. Qd3 Kf7 37. Qe4 Qd7 38. Qf5 Qc6 39. Rg3 1-0

[Event "Rilton Cup 2013-14"]
[Site "Stockholm SWE"]
[Date "2013.12.30"]
[Round "4.9"]
[White "Bellon Lopez, Juan Manuel"]
[Black "Urkedal, Frode"]
[Result "0-1"]
[WhiteTitle "GM"]
[BlackTitle "IM"]
[WhiteElo "2382"]
[BlackElo "2492"]
[WhiteFideId "2200031"]
[BlackFideId "1506102"]
[EventDate "2013.12.27"]

1. d4 Nf6 2. Nf3 e6 3. c4 b6 4. g3 Bb7 5. Bg2 c5 6. d5 exd5 7. cxd5 Bxd5 8. Nc3
Bc6 9. e4 d6 10. O-O Be7 11. Nh4 O-O 12. Nf5 g6 13. Nxe7+ Qxe7 14. Bg5 Qe6 15.
Re1 Nbd7 16. f4 Rfe8 17. Qd2 b5 18. h3 h5 19. a3 a5 20. Kh2 b4 21. Nd5 Bxd5 22.
exd5 Qf5 23. axb4 axb4 24. Rxa8 Rxa8 25. Re7 Nb6 26. Qe2 Ra1 27. Bxf6 Qxf6 28.
Rb7 Qd8 29. Qb5 Nc8 30. Rb8 Ra7 31. h4 Kg7 32. Bh3 f5 33. Bf1 Qc7 34. Bd3 Kf7
35. Kh3 Ke7 36. Bc4 Kd8 37. Bb3 Ra5 38. Rxc8+ Kxc8 39. Qe8+ Kb7 40. Ba4 c4 41.
Bc6+ Kb6 42. Qxg6 c3 43. bxc3 bxc3 44. Qe8 c2 0-1

[Event "Rilton Cup 2013-14"]
[Site "Stockholm SWE"]
[Date "2013.12.30"]
[Round "4.10"]
[White "Bejtovic, Jasmin"]
[Black "Semcesen, Daniel"]
[Result "1/2-1/2"]
[WhiteTitle "IM"]
[BlackTitle "IM"]
[WhiteElo "2402"]
[BlackElo "2488"]
[WhiteFideId "14400936"]
[BlackFideId "1706993"]
[EventDate "2013.12.27"]

1. e4 e5 2. Nf3 Nc6 3. Bb5 a6 4. Ba4 Nf6 5. d3 Bc5 6. O-O b5 7. Bb3 O-O 8. a4
Rb8 9. axb5 axb5 10. Nc3 h6 11. h3 d6 12. Ne2 d5 13. exd5 Nxd5 14. c3 Bb6 15.
Ng3 Be6 16. d4 exd4 17. cxd4 Nde7 18. Be3 Bd5 19. Re1 Bxb3 20. Qxb3 Qd5 21. Qxd5
Nxd5 22. Nf5 Rfe8 23. Rec1 Re6 24. Rc2 Kh7 25. Bd2 Rd8 26. Rac1 Ncb4 27. Bxb4
Nxb4 28. Rd2 Nd5 29. Kf1 g6 30. Ng3 Ra8 31. Ne2 b4 32. Ne5 Kg7 33. Nc4 Kf6 34.
g3 Ra2 35. b3 Ra8 36. Rcc2 Rd8 37. Nxb6 Rxb6 38. Rc5 Ra6 39. Nf4 Nxf4 40. gxf4
Rad6 41. d5 c6 42. Rd4 cxd5 43. Rb5 1/2-1/2

[Event "Rilton Cup 2013-14"]
[Site "Stockholm SWE"]
[Date "2013.12.30"]
[Round "4.11"]
[White "Lindgren, Philip"]
[Black "Hansen, Torbjorn Ringdal"]
[Result "1/2-1/2"]
[WhiteTitle "FM"]
[BlackTitle "IM"]
[WhiteElo "2301"]
[BlackElo "2473"]
[WhiteFideId "1713230"]
[BlackFideId "1501720"]
[EventDate "2013.12.27"]

1. d4 f5 2. g3 Nf6 3. Bg2 g6 4. Nf3 Bg7 5. O-O O-O 6. b3 d6 7. Bb2 c6 8. c4 Na6
9. Nbd2 e5 10. dxe5 Ng4 11. h3 Nxe5 12. Qc2 Qe7 13. Rad1 Be6 14. a3 Rae8 15. e3
Nc5 16. Bc3 g5 17. Nd4 f4 18. exf4 gxf4 19. Nxe6 Qxe6 20. Rfe1 Ncd3 21. Re2 f3
22. Nxf3 Rxf3 23. Bxe5 Rxf2 24. Rxd3 Rxe2 25. Qxe2 Bxe5 26. Qh5 Rf8 27. Be4 Qe7
28. Kg2 Kh8 29. Rf3 Rxf3 30. Qxf3 Qf6 31. Qh5 Qg7 32. g4 Qe7 33. Qf5 Bf6 34. Kf3
Kg8 35. Qc8+ Kg7 36. Qf5 Kg8 37. b4 Bb2 38. a4 Qf6 39. g5 Qxf5+ 40. Bxf5 Bc3 41.
Bc8 Bxb4 42. Bxb7 h6 43. gxh6 1/2-1/2

[Event "Rilton Cup 2013-14"]
[Site "Stockholm SWE"]
[Date "2013.12.30"]
[Round "4.12"]
[White "Mihok, Oliver"]
[Black "Sagit, Rauan"]
[Result "0-1"]
[WhiteTitle "IM"]
[BlackTitle "FM"]
[WhiteElo "2466"]
[BlackElo "2369"]
[WhiteFideId "728012"]
[BlackFideId "1708376"]
[EventDate "2013.12.27"]

1. e4 c5 2. Nf3 d6 3. d4 cxd4 4. Nxd4 Nf6 5. Nc3 a6 6. Be3 e5 7. Nb3 Be6 8. f3
h5 9. Qd2 Nbd7 10. O-O-O Rc8 11. Kb1 Be7 12. g3 b5 13. Nd5 Bxd5 14. exd5 Nb6 15.
Bxb6 Qxb6 16. Bh3 Rc4 17. Rhe1 O-O 18. Bf1 Ra4 19. f4 Ne4 20. Qe2 g6 21. Bg2 f5
22. fxe5 dxe5 23. d6 Bf6 24. Qd3 Nf2 25. Qd5+ Kh8 26. Rd2 e4 27. Nc5 e3 28. Rxe3
Rc4 29. Rxf2 Rd4 30. Rd2 Rxd5 31. Rxd5 Bd4 32. Nd7 Qa7 33. Nxf8 Bxe3 34. d7 Bg5
35. Rd1 Qb6 36. Nxg6+ Qxg6 37. d8=Q+ Bxd8 38. Rxd8+ Kg7 39. Rd7+ Kf8 40. Rd4 Qe6
41. Bf3 Qe3 42. Rd3 Qg1+ 43. Bd1 Qxh2 44. Rf3 Qh3 45. Kc1 Qg4 46. Be2 Kg7 47.
Kd2 Kf6 48. a3 h4 49. gxh4 Qxh4 50. Bd3 Qh2+ 51. Kd1 f4 52. Be2 Ke5 53. Kd2 Qh6
54. Bd1 Ke4 55. Kc1 Qg5 56. Kb1 Qg1 57. Kc1 Qxd1+ 0-1

[Event "Rilton Cup 2013-14"]
[Site "Stockholm SWE"]
[Date "2013.12.30"]
[Round "4.13"]
[White "Krupenski, Juri"]
[Black "Akesson, Ralf"]
[Result "1-0"]
[WhiteTitle "FM"]
[BlackTitle "GM"]
[WhiteElo "2300"]
[BlackElo "2448"]
[WhiteFideId "4501101"]
[BlackFideId "1700120"]
[EventDate "2013.12.27"]

1. d4 Nf6 2. c4 e6 3. Nf3 b6 4. Nc3 Bb7 5. a3 d5 6. cxd5 Nxd5 7. e3 g6 8. Nxd5
Qxd5 9. Bd3 Bg7 10. h4 h6 11. e4 Qd6 12. Be3 Nd7 13. Rc1 Rc8 14. b4 Qe7 15. e5
c5 16. dxc5 bxc5 17. Bb5 cxb4 18. Bc5 Qd8 19. O-O Bc6 20. Qa4 Bxb5 21. Qxb5 b3
22. Bd6 f5 23. Nd4 Rxc1 24. Rxc1 b2 25. Qxb2 Kf7 26. Nxe6 1-0

[Event "Rilton Cup 2013-14"]
[Site "Stockholm SWE"]
[Date "2013.12.30"]
[Round "4.15"]
[White "Blomqvist, Erik"]
[Black "Poley, Vladimir"]
[Result "1-0"]
[WhiteTitle "GM"]
[BlackTitle "IM"]
[WhiteElo "2519"]
[BlackElo "2300"]
[WhiteFideId "1709437"]
[BlackFideId "13500090"]
[EventDate "2013.12.27"]

1. e4 g6 2. d4 Bg7 3. Nc3 c6 4. Nf3 d5 5. h3 Nh6 6. Bf4 dxe4 7. Nxe4 Qa5+ 8.
Nfd2 O-O 9. Bd3 Nd7 10. O-O Nf5 11. c3 Nf6 12. Re1 Nd5 13. Bh2 Qd8 14. Qa4 Bh6
15. Rad1 Nf4 16. Bf1 Nd6 17. Nc5 a5 18. Nf3 Qc7 19. Ne5 Nd5 20. c4 Nf6 21. Qb3
Qd8 22. a4 Nfe8 23. Be2 f6 24. Bg4 f5 25. Bf3 Bg7 26. Nxb7 Bxb7 27. c5+ Kh8 28.
cxd6 Nxd6 29. Bxc6 Rb8 30. Qd5 Qb6 31. Bf4 Qxb2 32. Qxa5 Ra8 33. Qd2 Qxd2 34.
Rxd2 Bxc6 35. Nxc6 Rxa4 36. Rxe7 Ne4 37. Rb2 Nc5 38. Rxg7 Kxg7 39. Be5+ Kf7 40.
dxc5 Rc8 41. Rb6 Rc4 42. Bd6 Ke6 43. Ne5 Rc2 44. Nd3 Ra8 45. Rb7 Ra3 46. Nf4+
Kf6 47. Rxh7 Ra1+ 48. Kh2 Rxf2 49. Be7+ Ke5 50. Nd3+ 1-0

[Event "Rilton Cup 2013-14"]
[Site "Stockholm SWE"]
[Date "2013.12.30"]
[Round "4.17"]
[White "Hammar, Bengt"]
[Black "Sjodahl, Pontus"]
[Result "1-0"]
[WhiteTitle "FM"]
[BlackTitle "IM"]
[WhiteElo "2234"]
[BlackElo "2420"]
[WhiteFideId "1700391"]
[BlackFideId "1700537"]
[EventDate "2013.12.27"]

1. e4 e6 2. d4 d5 3. Nc3 Bb4 4. e5 c5 5. a3 Bxc3+ 6. bxc3 Ne7 7. a4 Qc7 8. Nf3
h6 9. Bb5+ Bd7 10. Bd3 Nbc6 11. O-O c4 12. Be2 f6 13. Re1 fxe5 14. Nxe5 Nxe5 15.
dxe5 O-O-O 16. Ba3 Nc6 17. Bd6 Qa5 18. Qd2 Rdg8 19. Qe3 g5 20. Reb1 Nd8 21. Bb4
Qa6 22. a5 Kb8 23. Ra2 b5 24. Raa1 Ka8 25. Be7 Rh7 26. Bf6 Nb7 27. Rf1 Qc6 28.
g3 Bc8 29. Bf3 Nc5 30. Bg2 Bb7 31. f4 gxf4 32. Rxf4 h5 33. Qd4 Ne4 34. Rxe4 1-0

[Event "Rilton Cup 2013-14"]
[Site "Stockholm SWE"]
[Date "2013.12.30"]
[Round "4.18"]
[White "Ornstein, Axel"]
[Black "Krantz, Christopher"]
[Result "0-1"]
[WhiteTitle "IM"]
[WhiteElo "2334"]
[BlackElo "2233"]
[WhiteFideId "1700111"]
[BlackFideId "1707876"]
[EventDate "2013.12.27"]

1. c4 e5 2. Nc3 Nf6 3. Nf3 Nc6 4. d3 Bb4 5. Bd2 O-O 6. g3 d6 7. Bg2 h6 8. O-O
Be6 9. a3 Bxc3 10. Bxc3 Qd7 11. Re1 Bh3 12. Bh1 Rfe8 13. b4 Ne7 14. e4 Ng6 15.
d4 Qe6 16. d5 Qe7 17. Rc1 Nh7 18. Bg2 Bxg2 19. Kxg2 Rf8 20. Qd3 Qd7 21. Bd2 f5
22. exf5 Rxf5 23. Be3 Raf8 24. Ng1 Ng5 25. Re2 Nf4+ 26. Bxf4 exf4 27. Kf1 fxg3
28. hxg3 Nf3 29. Rc3 Ne5 30. Qe4 g5 31. Kg2 g4 32. c5 Qf7 33. Rcc2 Qh5 34. Rc3
Nf3 0-1

[Event "Rilton Cup 2013-14"]
[Site "Stockholm SWE"]
[Date "2013.12.30"]
[Round "4.19"]
[White "Ask, Josef"]
[Black "Von Bahr, Oskar"]
[Result "1-0"]
[BlackTitle "FM"]
[WhiteElo "2209"]
[BlackElo "2298"]
[WhiteFideId "1704583"]
[BlackFideId "1703250"]
[EventDate "2013.12.27"]

1. e4 e5 2. Ne2 Nf6 3. f4 Nxe4 4. d3 Nc5 5. fxe5 d6 6. d4 Ne4 7. Qd3 Bf5 8. Qf3
Bg6 9. Nf4 d5 10. Bd3 c5 11. O-O Qd7 12. Nc3 Nxc3 13. e6 Qc6 14. Nxg6 fxg6 15.
Qf7+ Kd8 16. Bg5+ Kc8 17. bxc3 Bd6 18. Qxg7 Qe8 19. dxc5 Bxc5+ 20. Kh1 Nc6 21.
Rf7 Bd6 22. Rxb7 Be5 23. Ba6 1-0

[Event "Rilton Cup 2013-14"]
[Site "Stockholm SWE"]
[Date "2013.12.30"]
[Round "4.20"]
[White "Norlin, Egor"]
[Black "Luukkonen, Tommi"]
[Result "0-1"]
[BlackTitle "FM"]
[WhiteElo "2125"]
[BlackElo "2285"]
[WhiteFideId "1713973"]
[BlackFideId "501808"]
[EventDate "2013.12.27"]

1. d4 Nf6 2. c4 g6 3. Nc3 Bg7 4. e4 O-O 5. Nf3 d6 6. Be2 e5 7. O-O Nc6 8. d5 Ne7
9. b4 Nh5 10. c5 Nf4 11. Bxf4 exf4 12. Rc1 h6 13. Nd4 c6 14. Bc4 a5 15. a3 axb4
16. axb4 g5 17. Nb3 dxc5 18. bxc5 Ng6 19. d6 Ne5 20. Be2 g4 21. Nd4 Qg5 22. f3
gxf3 23. Nxf3 Nxf3+ 24. Rxf3 Qxc5+ 25. Kh1 Rd8 26. Rd3 Ra3 27. d7 Bxd7 28. Rxd7
Rxd7 29. Qxd7 Rxc3 30. Rxc3 Qxc3 31. Qc8+ Bf8 32. Qg4+ Qg7 33. Qxf4 Qg5 34.
Qxg5+ hxg5 35. Kg1 Bc5+ 36. Kf1 Kg7 37. Ke1 Kf6 38. Kd2 Ke5 39. Kd3 b5 40. Bh5
f6 41. Be8 Kd6 42. g3 g4 43. Bh5 Bg1 44. Bxg4 Bxh2 45. Bh5 Bxg3 46. Be8 Be5 47.
Kc2 Kc7 48. Kb3 Kb6 49. Bd7 c5 50. Be6 c4+ 51. Kc2 Kc5 0-1

[Event "Rilton Cup 2013-14"]
[Site "Stockholm SWE"]
[Date "2013.12.30"]
[Round "4.21"]
[White "Johansson, Gunnar"]
[Black "Soderberg, Per"]
[Result "1/2-1/2"]
[WhiteElo "2244"]
[BlackElo "2183"]
[WhiteFideId "1703501"]
[BlackFideId "1702904"]
[EventDate "2013.12.27"]

1. d4 Nf6 2. c4 e6 3. Nc3 c5 4. d5 exd5 5. cxd5 d6 6. e4 g6 7. h3 Bg7 8. Nf3 O-O
9. Bd3 b5 10. Bxb5 Nxe4 11. Nxe4 Qa5+ 12. Nfd2 Qxb5 13. Nxd6 Qa6 14. N2c4 Nd7
15. O-O Ne5 16. Nxc8 Raxc8 17. Nxe5 Bxe5 18. Qf3 Qd6 19. Rd1 Rfd8 20. Bg5 f6 21.
Be3 Bxb2 22. Bf4 Be5 23. Bxe5 1/2-1/2

[Event "Rilton Cup 2013-14"]
[Site "Stockholm SWE"]
[Date "2013.12.30"]
[Round "4.22"]
[White "Englert, Fabian"]
[Black "Puzko, Danila"]
[Result "1/2-1/2"]
[WhiteElo "2316"]
[BlackElo "2129"]
[WhiteFideId "24614467"]
[BlackFideId "24153745"]
[EventDate "2013.12.27"]

1. d4 Nf6 2. c4 c5 3. d5 b5 4. cxb5 a6 5. bxa6 Bxa6 6. Nc3 d6 7. Nf3 g6 8. e4
Bxf1 9. Kxf1 Bg7 10. g3 O-O 11. Kg2 Nbd7 12. a4 Qa5 13. Bd2 Qa6 14. Qc2 c4 15.
Nb5 Rfc8 16. Be3 Nc5 17. Nd2 Nd3 18. Bd4 Ng4 19. Bxg7 Kxg7 20. Rhf1 Kg8 21. Qc3
Nge5 22. h3 Nc5 23. Qe3 Qb7 24. f4 1/2-1/2

[Event "Rilton Cup 2013-14"]
[Site "Stockholm SWE"]
[Date "2013.12.30"]
[Round "4.23"]
[White "Jonsson, Emil"]
[Black "Henriksson, Johan"]
[Result "1-0"]
[BlackTitle "FM"]
[WhiteElo "2076"]
[BlackElo "2266"]
[WhiteFideId "1712268"]
[BlackFideId "1703560"]
[EventDate "2013.12.27"]

1. e4 c6 2. d4 d5 3. Nc3 dxe4 4. Nxe4 Nf6 5. Nxf6+ gxf6 6. Nf3 Bg4 7. Bd3 Bxf3
8. Qxf3 Qxd4 9. O-O h5 10. Re1 Nd7 11. c3 Qg4 12. Qe3 Rg8 13. Be4 e6 14. h3 Qg7
15. Qe2 f5 16. Bf3 Bd6 17. Be3 Qe5 18. Qd2 Qh2+ 19. Kf1 O-O-O 20. Qd4 Ne5 21.
Qxa7 Nxf3 22. Qa8+ Bb8 23. gxf3 Rg1+ 24. Ke2 Rxe1+ 25. Rxe1 Qd6 26. f4 Qd3+ 27.
Kf3 e5 28. Kg2 Rg8+ 29. Kh2 Qe4 30. Rg1 Rxg1 31. Kxg1 exf4 32. Ba7 Qe1+ 33. Kh2
Qe5 34. Qxb8+ Qxb8 35. Bxb8 Kxb8 36. Kg2 Kc7 37. Kf3 Kd6 38. Kxf4 Kd5 39. Kxf5
Kc4 40. Kg5 1-0

[Event "Rilton Cup 2013-14"]
[Site "Stockholm SWE"]
[Date "2013.12.30"]
[Round "4.24"]
[White "Nielsen, Rogvi Egilstoft"]
[Black "Lochte, Thomas"]
[Result "1-0"]
[WhiteElo "2252"]
[BlackElo "2110"]
[WhiteFideId "7200447"]
[BlackFideId "4606272"]
[EventDate "2013.12.27"]

1. e4 e5 2. Nf3 Nc6 3. Bc4 Nf6 4. d3 h6 5. c3 Be7 6. b4 a6 7. Qb3 O-O 8. a4 d6
9. Nbd2 Rb8 10. a5 b6 11. axb6 cxb6 12. Qb2 b5 13. Ba2 d5 14. exd5 Nxd5 15. Bxd5
Qxd5 16. O-O Qxd3 17. Re1 Qd5 18. Nb3 Bb7 19. Be3 Rfd8 20. Bc5 Bf6 21. Bb6 Re8
22. Rad1 Qc4 23. Nfd2 Qg4 24. f3 Qg6 25. Nc5 Bh4 26. Rf1 Bc8 27. Bc7 Bh3 28.
Nde4 Ra8 29. Rd6 Be6 30. Rxc6 f5 31. Nxe6 fxe4 32. Qa2 Rxe6 33. Qxe6+ 1-0

[Event "Rilton Cup 2013-14"]
[Site "Stockholm SWE"]
[Date "2013.12.30"]
[Round "4.25"]
[White "Zadruzny, Nicolaj"]
[Black "Johansen, Stian"]
[Result "1/2-1/2"]
[WhiteElo "2251"]
[BlackElo "2079"]
[WhiteFideId "1709550"]
[BlackFideId "1508121"]
[EventDate "2013.12.27"]

1. e4 g6 2. d4 Bg7 3. Nf3 c5 4. dxc5 Qa5+ 5. c3 Qxc5 6. Na3 Nf6 7. Nb5 Na6 8.
Be3 Qh5 9. Be2 d6 10. Nxa7 Bg4 11. Nd2 Bxe2 12. Qxe2 Qxe2+ 13. Kxe2 d5 14. exd5
Nxd5 15. Nb5 Nxe3 16. fxe3 O-O 17. Nb3 b6 18. a4 Rfc8 19. a5 Rab8 20. N3d4 e5
21. Nc2 Rc5 22. Nd6 bxa5 23. Ne4 Rc6 24. Rhb1 f5 25. Nd2 Rc5 26. Ra3 Bf8 27. Rb3
Rd8 28. Rb6 Nc7 29. Rd1 Nd5 30. Rb7 a4 31. Nb4 Nxb4 32. Rxb4 a3 33. bxa3 Rxc3
34. Ra4 Rcd3 35. Ra5 e4 36. Rb5 Bxa3 37. Rbb1 Rc8 38. Rb3 Rcc3 39. Rxc3 Rxc3 40.
Nb1 Rb3 41. Nxa3 Rxa3 42. Rd7 Ra2+ 43. Kf1 h5 44. h4 Kf8 45. Rb7 Rd2 46. Ra7 Rd6
47. Kf2 Re6 48. Kg3 Re7 49. Ra6 Kf7 50. Kf4 Re6 51. Ra8 Kf6 52. Rf8+ Ke7 53. Rg8
Rb6 54. Kg5 Kf7 55. Ra8 Rd6 1/2-1/2

[Event "Rilton Cup 2013-14"]
[Site "Stockholm SWE"]
[Date "2013.12.30"]
[Round "4.26"]
[White "Aroven, Mikael"]
[Black "Ramondino, Renzo"]
[Result "0-1"]
[BlackTitle "FM"]
[WhiteElo "2045"]
[BlackElo "2242"]
[WhiteFideId "1709534"]
[BlackFideId "810304"]
[EventDate "2013.12.27"]

1. c4 Nf6 2. g3 g6 3. Bg2 Bg7 4. Nc3 O-O 5. b3 d6 6. Bb2 e5 7. e3 c6 8. Nge2 Be6
9. d4 Qc7 10. O-O Na6 11. Rc1 Rad8 12. d5 Bc8 13. a3 c5 14. e4 Qe7 15. Rb1 h5
16. Bc1 Nh7 17. Be3 b6 18. Qd2 h4 19. b4 f5 20. exf5 gxf5 21. f4 e4 22. Kf2 Nf6
23. Ke1 Ng4 24. Rh1 Bf6 25. b5 Nc7 26. Nd1 Ne8 27. Bh3 Nxe3 28. Nxe3 Ng7 29. Kd1
Kh8 30. Kc2 Qf7 31. Rbg1 a6 32. a4 axb5 33. cxb5 Qa7 34. Kb3 Bd7 35. Nc4 Ra8 36.
Ra1 Bxa1 37. Rxa1 Bxb5 38. axb5 Qxa1 39. Nc3 Ra7 40. Qb2 Qg1 41. Qg2 Qd4 42. g4
e3 43. g5 Nh5 44. Bxf5 Rxf5 45. Qg4 Qxc4+ 0-1

[Event "Rilton Cup 2013-14"]
[Site "Stockholm SWE"]
[Date "2013.12.30"]
[Round "4.27"]
[White "Annenkov, Kirill"]
[Black "Olofsson-Dolk, Mattis"]
[Result "1/2-1/2"]
[WhiteTitle "FM"]
[WhiteElo "2232"]
[BlackElo "2070"]
[WhiteFideId "4129733"]
[BlackFideId "1715178"]
[EventDate "2013.12.27"]

1. d4 Nf6 2. c4 g6 3. Nf3 Bg7 4. Nc3 d5 5. e3 O-O 6. Be2 c5 7. dxc5 dxc4 8. O-O
Qa5 9. Bxc4 Qxc5 10. Bb3 Nc6 11. e4 Bg4 12. Be3 Qa5 13. h3 Rad8 14. Qe2 Bxf3 15.
Qxf3 Nd4 16. Bxd4 Rxd4 17. e5 Qxe5 18. Rfe1 Qc5 19. Qxb7 Rd2 20. Re2 Rxe2 21.
Nxe2 e6 22. Rd1 Qb6 23. Qxb6 axb6 24. Nc3 Rc8 25. Rd6 Nd5 26. Bxd5 exd5 27. Rxd5
Bxc3 28. bxc3 1/2-1/2

[Event "Rilton Cup 2013-14"]
[Site "Stockholm SWE"]
[Date "2013.12.30"]
[Round "4.28"]
[White "Merkesvik, Sondre"]
[Black "Trygstad, Kristian"]
[Result "0-1"]
[BlackTitle "FM"]
[WhiteElo "2039"]
[BlackElo "2228"]
[WhiteFideId "1514350"]
[BlackFideId "1501860"]
[EventDate "2013.12.27"]

1. Nf3 e6 2. g3 f5 3. Bg2 Nf6 4. O-O Be7 5. c4 O-O 6. d4 d6 7. Nc3 Ne4 8. Nxe4
fxe4 9. Nd2 d5 10. f3 Nc6 11. fxe4 Rxf1+ 12. Nxf1 dxc4 13. Be3 Bd7 14. e5 Be8
15. Be4 Bg6 16. Bxg6 hxg6 17. Qd2 Qd5 18. Rd1 Rd8 19. a3 b5 20. h3 a5 21. Nh2
Qe4 22. Nf3 Nxd4 23. Bxd4 c5 24. Qf4 Qxf4 25. gxf4 cxd4 26. Nxd4 Rxd4 27. Rxd4
Bc5 28. e3 Bxd4 29. exd4 b4 30. axb4 axb4 31. Kf2 c3 32. bxc3 b3 0-1

[Event "Rilton Cup 2013-14"]
[Site "Stockholm SWE"]
[Date "2013.12.30"]
[Round "4.29"]
[White "Adler, Bo"]
[Black "Bit-Narva, David"]
[Result "0-1"]
[WhiteElo "2168"]
[BlackElo "1877"]
[WhiteFideId "1702149"]
[BlackFideId "24128856"]
[EventDate "2013.12.27"]

1. d4 Nf6 2. c4 g6 3. Nc3 Bg7 4. e4 O-O 5. f3 Nc6 6. Be3 e5 7. d5 Nd4 8. Nge2 c5
9. dxc6 dxc6 10. Nxd4 exd4 11. Qxd4 Nd5 12. Qd2 Nxe3 13. Qxe3 f5 14. Rd1 Qe7 15.
Be2 f4 16. Qf2 Qb4 17. O-O Qxb2 18. Na4 Qxa2 19. Nc5 b6 20. Nd3 c5 21. e5 Qxc4
22. Nb2 Qc3 23. Bc4+ Kh8 24. Rfe1 Bxe5 25. Qh4 Qxb2 26. Qe7 Bd4+ 27. Kh1 Bf5 28.
Qc7 Be3 29. Re2 Qg7 30. Qc6 Rad8 31. Bd5 Bd7 0-1

[Event "Rilton Cup 2013-14"]
[Site "Stockholm SWE"]
[Date "2013.12.30"]
[Round "4.30"]
[White "Evertsson, Lennart"]
[Black "Jacobsen, Bo"]
[Result "1-0"]
[WhiteElo "2186"]
[BlackElo "2302"]
[WhiteFideId "1705156"]
[BlackFideId "1400738"]
[EventDate "2013.12.27"]

1. c4 Nf6 2. Nf3 g6 3. Nc3 Bg7 4. g3 O-O 5. Bg2 Nc6 6. O-O d6 7. d4 Bf5 8. d5
Na5 9. Nd4 Bd7 10. Qd3 c5 11. Nc2 a6 12. b3 Rb8 13. Bf4 b5 14. Rae1 bxc4 15.
bxc4 Ng4 16. e4 g5 17. Bxg5 Ne5 18. Qd1 Naxc4 19. Ne3 Qa5 20. Nxc4 Nxc4 21. Nb1
h6 22. Bf4 Ne5 23. Bd2 Qxa2 24. Bc3 Bb5 25. f4 Bxf1 26. Rxf1 Ng6 27. e5 Qc4 28.
Rf3 dxe5 29. Nd2 Qxd5 30. Re3 Qd6 31. f5 Nf4 32. gxf4 exf4 33. Qg4 f6 34. Re1
Rf7 35. Qe2 Bf8 36. Qc4 Rd8 37. Be4 h5 38. Kh1 Bh6 39. Nf3 Kf8 40. Nh4 f3 1-0

[Event "Rilton Cup 2013-14"]
[Site "Stockholm SWE"]
[Date "2013.12.30"]
[Round "4.32"]
[White "Orndahl, Markus"]
[Black "Marzano, Carlo"]
[Result "1-0"]
[WhiteElo "2206"]
[BlackElo "2166"]
[WhiteFideId "1709135"]
[BlackFideId "802980"]
[EventDate "2013.12.27"]

1. e4 e5 2. Nf3 Nf6 3. Nc3 Nc6 4. a3 d5 5. Bb5 d4 6. Ne2 Nxe4 7. d3 Nd6 8. Bxc6+
bxc6 9. Nxe5 Qf6 10. Bf4 g5 11. Bg3 Nf5 12. Nc4 Nxg3 13. Nxg3 Be6 14. Qe2 O-O-O
15. O-O-O Bd5 16. f3 h5 17. Kb1 Kb8 18. Qd2 Qg6 19. Ne4 g4 20. Rde1 f5 21. Ne5
Qh6 22. Ng5 Qf6 23. f4 h4 24. Rhg1 Ka8 25. Qa5 Bd6 26. Qa4 Bc5 27. Nef7 Rde8 28.
Nxh8 Qxh8 29. Ne6 Bb6 30. Re5 Qxe5 31. fxe5 Rxe6 32. Qb4 Rxe5 33. Re1 Rxe1+ 34.
Qxe1 Bxg2 35. Qxh4 f4 36. Qxg4 1-0

[Event "Rilton Cup 2013-14"]
[Site "Stockholm SWE"]
[Date "2013.12.30"]
[Round "4.33"]
[White "Gamback, Bjorn"]
[Black "Janse, Love"]
[Result "1-0"]
[WhiteElo "2142"]
[BlackElo "2190"]
[WhiteFideId "1703161"]
[BlackFideId "1707647"]
[EventDate "2013.12.27"]

1. d4 f5 2. Bg5 h6 3. Bh4 g5 4. e3 Nf6 5. Bg3 d6 6. h4 g4 7. h5 Be6 8. Bd3 Qd7
9. c4 Bf7 10. Qc2 e6 11. d5 Na6 12. dxe6 Bxe6 13. Ne2 Nb4 14. Qc3 Nxd3+ 15. Qxd3
Qc6 16. Nd2 Qxg2 17. O-O-O Qc6 18. Nd4 Qd7 19. e4 O-O-O 20. Bh4 Bg7 21. exf5 Bf7
22. Ne4 Nxe4 23. Qxe4 Rde8 24. Qxg4 Bxc4 25. Rhe1 Bxa2 26. Ne6 Qc6+ 27. Kd2 Bxb2
28. Qb4 Qd5+ 29. Kc2 Qxf5+ 30. Kxb2 Bxe6 31. Rc1 a6 32. Ka1 Rhg8 33. Bg3 Rg4 34.
Rxc7+ Kd8 35. Qxd6+ Bd7 36. Rc8+ 1-0